Top 10 Orange Producing Countries - Statistics

General Stats
  • This quiz has been taken 25 times
  • The average score is 8 of 10
Answer Stats
Per Year Country % Correct
3.1 m United States
100%
16.9 m Brazil
96%
7.6 m China
92%
4.9 m Mexico
88%
10.2 m India
83%
2.7 m Indonesia
79%
2.8 m Spain
75%
3.4 m Egypt
58%
2.3 m Iran
54%
1.8 m Vietnam
46%
No matching quizzes found
Score Distribution
Percent of People with Each Score
Percentile by Number Answered
Your Score History
You have not taken this quiz